| 000 | 00791nam a22002057a 4500 | ||
|---|---|---|---|
| 999 |
_c1965 _d1965 |
||
| 003 | AR-CdUCM | ||
| 008 | 190228b ||||| |||| 00| 0 spa d | ||
| 040 |
_aMUNICIPALIDAD PROVINCIAL DEL CUSCO _cBIBLIOTECA MUNICIPAL DEL CUSCO |
||
| 082 |
_26 ed. _a348.38 / _bB24 |
||
| 100 |
_aBasadre Ayulo, Jorge _97180 |
||
| 245 | _aDerecho minero peruano / | ||
| 260 |
_aPerú : _bEdit.Juridica Grijley, _c1996. |
||
| 300 |
_a456 paginas : _c20 cm. |
||
| 505 | _aContenido : Introducción al derecho minero --Breve síntesis de la evolución histórica del derecho minero peruano --La condición jurídica de la superficie y el dominio minero ... | ||
| 650 |
_aBibliografia _9345 |
||
| 650 |
_aDerecho minero _94035 |
||
| 650 |
_aLegislacion _96380 |
||
| 942 |
_2ddc _cLIBROS |
||
| 945 |
_arjall _d2019-02-28 |
||